Nigerian Journal of Medicine (Record no. 44089)

MARC details
000 -LEADER
fixed length control field 00398nam a2200145Ia 4500
022 ## - INTERNATIONAL STANDARD SERIAL NUMBER
ISSN 1115-2613
050 ## - CALL MARK
Classification number R118. N54
245 #0 - TITLE STATEMENT
Title Nigerian Journal of Medicine
250 ## - EDITION / VOLUME STATEMENT
Edition / Volume statement Vol. 34, No. 1
260 ## - PUBLICATION, DISTRIBUTION, ETC. (IMPRINT)
Place of publication Nigeria
Name of publisher Nigeiran Association of Resident Doctor
Year of publication 2025
300 ## - PHYSICAL DESCRIPTION
Number of Pages iv, 107 p. :ill. ; 28 cm.
650 ## - SUBJECT ADDED ENTRY--TOPICAL TERM
Topical Term Medicine--Nigeria--Periodicals.
942 ## - ADDED ENTRY ELEMENTS (KOHA)
Koha item type Serials
Source of classification Library of Congress Classification

No items available.